000 00578nam a2200169 4500
001 118867
003 ES-MaACL
005 20230906191209.0
007 t|
008 070214s1959 cu r ||||1| spa d
100 1 _aPérez Cisneros, Guy.
_990733
245 1 0 _aCaracterísticas de la evolución de la pintura de Cuba /
_cGuy Pérez Cisneros.
260 _aLa Habana :
_bDirección General de Cultura, Ministerio de Educación,
_c1959.
300 _a96 p. 9 lám. ;
_c19 cm.
710 1 _aCuba.
_bDirección General de Cultura.
_9146958
852 _aES-MaACL
_jC-17564
_bR.44531
999 _c118867
_d118867